Daň z príjmov

Pravidlá pre podávanie dodatočných daňových priznaní. Ilustračné príklady.

Uložené v:
Podrobná bibliografia
Hlavný autor: Gášpárová, Eva
Médium: Kapitola
Jazyk:Slovak
Predmet:
Tagy: Pridať tag
Žiadne tagy, Buďte prvý, kto otaguje tento záznam!

MARC

LEADER 00000naa a2200000 4500
001 0242242
005 20221104110957.5
041 0 |a slo 
044 |a SK 
245 1 0 |a Daň z príjmov  |c Eva Gášpárová 
520 |a Pravidlá pre podávanie dodatočných daňových priznaní. Ilustračné príklady. 
610 2 0 |a poriadok daňový 
610 2 0 |a dane z príjmov 
610 2 0 |a priznania daňové 
610 2 0 |a daňovníci 
100 1 |a Gášpárová, Eva